| 000 | 00830nam a22002177a 4500 | ||
|---|---|---|---|
| 999 |
_c20422 _d20422 |
||
| 003 | AR-CdUCM | ||
| 008 | 190530b ||||| |||| 00| 0 spa d | ||
| 040 |
_aMUNICIPALIDAD PROVINCIAL DEL CUSCO _cBIBLIOTECA MUNICIPAL DEL CUSCO |
||
| 082 |
_a301.6 / _bN12 |
||
| 110 |
_aNaciones Unidas - dirección de asuntos sociales _942694 |
||
| 245 | _aEl progreso social mediante el desarrollo de la comunidad / | ||
| 260 |
_aNueva York : _c1955. |
||
| 300 |
_a138 páginas ; _bFotografías a b/n, _c23 cm. |
||
| 500 | _a[libro reempastado] | ||
| 505 | _aContenido: Proyectos y programas sociales -- Programas nacionales de desarrollo -- Métodos para el desarrollo de la comunidad... | ||
| 650 |
_aProyectos _94155 |
||
| 650 |
_aEstados Unidos _91805 |
||
| 650 |
_aAgrupaciones rurales _942695 |
||
| 942 |
_2ddc _cLIBROS |
||
| 945 | _aAndy | ||